000 00438nam a2200157Ia 4500
008 240729s9999 xx 000 0 und d
022 _a2229-7693
245 0 _aIndian Journal of Public Health
260 _aIndia
260 _bWolters Kluwer Medknow Publications
650 _a Public aspects of medicine
650 _aMedicine
856 _uhttps://doaj.org/toc/7e7111a1dc7a4c8c82985d9ae6081cba
942 _2ddc
942 _cDOAJEJ
999 _c70245
_d70245
945 _a1
_bMadushi Gamage
_c1
_dMadushi Gamage